| 000 | 00587aam a2200205 4500 | ||
|---|---|---|---|
| 005 | 20161010173759.0 | ||
| 008 | 150427b xxu||||| |||| 00| 0 spa d | ||
| 041 | _aspa | ||
| 082 | _a620.86 M385i | ||
| 100 |
_aMartínez, Jesús _925850 |
||
| 245 | _aIntroducción al análisis de riesgos | ||
| 260 |
_aMéxico _bLimusa _c2008 |
||
| 300 | _a220 páginas | ||
| 650 |
_aSEGURIDAD INDUSTRIAL _96911 |
||
| 650 |
_aANÁLISIS DE RIESGOS _925851 |
||
| 650 |
_aACCIÓN DE EMERGENCIA _925852 |
||
| 650 |
_aPREVENCIÓN DE RIESGOS _915629 |
||
| 650 |
_aMÉTODO DE ENCUESTA _925853 |
||
| 942 | _cBK | ||
| 999 |
_c5000 _d5000 |
||